What countries border Romania? - Statistics

General Stats
  • This quiz has been taken 2,531 times
  • The average score is 5 of 5
Answer Stats
Answer % Correct
Bulgaria
94%
Ukraine
92%
Moldova
91%
Hungary
89%
Serbia
86%
No matching quizzes found
Score Distribution
Percent of People with Each Score
Percentile by Number Answered
Your Score History
You have not taken this quiz